<?xml version="1.0" encoding="UTF-8"?>
<record
    xmlns:xsi="http://www.w3.org/2001/XMLSchema-instance"
    xsi:schemaLocation="http://www.loc.gov/MARC21/slim http://www.loc.gov/standards/marcxml/schema/MARC21slim.xsd"
    xmlns="http://www.loc.gov/MARC21/slim">

  <leader>00735nam a2200217Ia 4500</leader>
  <controlfield tag="003">IN-BaIIA</controlfield>
  <controlfield tag="008">211028s9999    xx            000 0 eng d</controlfield>
  <datafield tag="020" ind1=" " ind2=" ">
    <subfield code="a">978-0-19-922747-1</subfield>
  </datafield>
  <datafield tag="040" ind1=" " ind2=" ">
    <subfield code="c">IIA Library</subfield>
  </datafield>
  <datafield tag="080" ind1=" " ind2=" ">
    <subfield code="a">551.51</subfield>
    <subfield code="b">VAR</subfield>
  </datafield>
  <datafield tag="100" ind1=" " ind2=" ">
    <subfield code="a">Vardavas, I. M</subfield>
    <subfield code="9">31375</subfield>
  </datafield>
  <datafield tag="245" ind1=" " ind2="0">
    <subfield code="a">Radiation and climate</subfield>
    <subfield code="c">I. M. Vardavas and F. W.Taylor                                              </subfield>
  </datafield>
  <datafield tag="260" ind1=" " ind2=" ">
    <subfield code="a">Oxford</subfield>
    <subfield code="b">Oxford University Press</subfield>
    <subfield code="c">2007</subfield>
  </datafield>
  <datafield tag="300" ind1=" " ind2=" ">
    <subfield code="a">xvii, 492p.</subfield>
  </datafield>
  <datafield tag="490" ind1=" " ind2=" ">
    <subfield code="a">International series of monographs on physics; no. 138</subfield>
  </datafield>
  <datafield tag="650" ind1=" " ind2=" ">
    <subfield code="a">Greenhouse effect-atmospheric</subfield>
    <subfield code="9">31376</subfield>
  </datafield>
  <datafield tag="650" ind1=" " ind2=" ">
    <subfield code="a">Infrared radiation-atmospheric effects</subfield>
    <subfield code="9">31377</subfield>
  </datafield>
  <datafield tag="650" ind1=" " ind2=" ">
    <subfield code="a">Solar radiation</subfield>
    <subfield code="9">5007</subfield>
  </datafield>
  <datafield tag="700" ind1=" " ind2=" ">
    <subfield code="a">Taylor, F. W.</subfield>
    <subfield code="9">31378</subfield>
  </datafield>
  <datafield tag="942" ind1=" " ind2=" ">
    <subfield code="c">BK</subfield>
  </datafield>
  <datafield tag="999" ind1=" " ind2=" ">
    <subfield code="c">16807</subfield>
    <subfield code="d">16807</subfield>
  </datafield>
  <datafield tag="952" ind1=" " ind2=" ">
    <subfield code="0">0</subfield>
    <subfield code="1">0</subfield>
    <subfield code="4">0</subfield>
    <subfield code="7">0</subfield>
    <subfield code="a">BAN</subfield>
    <subfield code="b">BAN</subfield>
    <subfield code="c">GEN</subfield>
    <subfield code="d">2008-03-20</subfield>
    <subfield code="e">SH    </subfield>
    <subfield code="g">4536.02</subfield>
    <subfield code="l">0</subfield>
    <subfield code="o">551.51/ VAR</subfield>
    <subfield code="p">17729</subfield>
    <subfield code="r">2021-11-05</subfield>
    <subfield code="v">4536.02</subfield>
    <subfield code="w">2008-03-20</subfield>
    <subfield code="y">BK</subfield>
    <subfield code="G">Rs. 4536.02  </subfield>
  </datafield>
</record>
